| 000 | 00616nam a2200217Ii 4500 | ||
|---|---|---|---|
| 001 | 9004 | ||
| 003 | CO-ViMGA | ||
| 008 | 241108s9999||||xx |||||||||||||| ||und|| | ||
| 020 | _a9589047022 | ||
| 040 |
_aCO-ViMGA _bspa _erda _cCO-ViMGA |
||
| 041 | 0 | _aspa | |
| 082 | 0 | 4 | _a303.62 A658a |
| 100 | 1 |
_aCarlos Arango Zuluaga. _945383 |
|
| 245 | 1 | 0 | _aAgradezco a Dios y al comandante uno |
| 264 | 1 | _aBogotá, Colombia : Ecoe, 1984 | |
| 300 | _avolumen | ||
| 336 |
_atext _btxt _2rdacontent |
||
| 337 |
_aunmediated _bn _2rdamedia |
||
| 338 |
_avolume _bnc _2rdacarrier |
||
| 940 | _aidficha_siabuc: 8803. -- ficha_no_siabuc:9004 | ||
| 999 |
_c39907 _d39907 |
||